|
|
|
|
| LEADER |
00000cam a22000007a 4500 |
| 003 |
UAHC |
| 005 |
20180827202318.0 |
| 008 |
180824s2016 cl ||||| |||| 00| 0 spa d |
| 952 |
|
|
|0 0
|1 0
|2 ddc
|4 0
|6 792_098000000000000_LAT
|7 0
|8 COMP
|9 90504
|a BS
|b BS
|c General
|d 2018-08-27
|e Donación
|g 6000.00
|l 0
|o 792.098 LAT
|p 1443135
|r 2025-11-26 00:00:00
|t c.1
|v 6000.00
|w 2018-08-27
|y BK
|B TEATRO
|
| 999 |
|
|
|c 51084
|d 51084
|
| 020 |
|
|
|a 9789569159145
|
| 035 |
|
|
|a ARTES
|
| 040 |
|
|
|a UAHC_CL
|c UAHC_CL
|d UAHC_CL
|
| 082 |
|
|
|2 21
|b L358
|a 792.098
|
| 100 |
|
|
|9 4592
|a Latorre Vásquez, Remberto
|d 1939-
|
| 245 |
|
|
|a Historia del Teatro Latinoamericano:
|b desde el período precolombino al siglo XX
|c Remberto Latorre Vásquez.
|
| 260 |
|
|
|a Chillan Viejo:
|b Ediciones Investigación Cultural y Desarrollo,
|b Museo Adriana Vásquez Román de Rengo,
|c 2016.
|
| 300 |
|
|
|a 579 p.
|
| 440 |
|
|
|9 4593
|a Elefante
|
| 520 |
|
|
|a “Historia del Teatro Latinoamericano” es una investigación acuciosa pero amable y clara, sobre el arte dramático en América Latina, que rescata sus manifestaciones desde la época precolombina, hasta el siglo XX. Incluye, además, adaptaciones de las piezas dramáticas más fundamentales del periodo, complementadas con estudios y comentarios de especialistas.
|
| 650 |
|
0 |
|9 4638
|a Teatro
|x Historia
|z América Latina
|
| 650 |
|
0 |
|9 4639
|a Teatro
|x Crítica e interpretación
|z América Latina
|
| 942 |
|
|
|2 ddc
|c BK
|